000 00508nam a22001697a 4500
005 20251108164025.0
008 250721s9999 xx 000 0 ara d
082 1 4 _a150/أحم
100 1 _aعكاشة، أحمد
245 1 0 _aإجابات نخشاها :
_bحوار في الحب و الحياة و الجنون /
264 1 _aالقاهرة :
_bمكتبة غريب،
_c[19-].
300 _a89ص
650 1 7 _aعلم النفس
700 1 _aفرنسيس، يوسف
942 _2ddc
_cBK
999 _c1699
_d1699